Bilder nach Buchstabe - I #2 - Statistiken

Allgemein
  • Dieses Quiz wurde 150 mal gespielt
  • Das Durchschnittsergebnis liegt bei 7 aus 16
Antwortstatistiken
Bildquiz Antwort % Korrekt
Indianer
98%
Irak
93%
Inter Mailand
77%
Zlatan Ibrahimovic
67%
Iltis
64%
Induktionsherd
57%
Inbusschlüssel
54%
Islam
45%
Indonesien
29%
Ikone
24%
Idee
23%
Informatik
22%
Iguazu
21%
Ipanema
16%
Irbis
12%
Immergrün
9%
Keine übereinstimmenden Quizze gefunden
Verteilung der Resultate
Anzahl Personen mit jedem Resultat
Perzentil nach korrekt beantworteten Fragen
Ihre Resultats-Entwicklung
Sie haben dieses Quiz noch nicht gespielt